Effective small business management / (Record no. 345032)

000 -LEADER
fixed length control field 01052 a2200241 4500
020 ## - INTERNATIONAL STANDARD BOOK NUMBER
International Standard Book Number 0030247578
020 ## - INTERNATIONAL STANDARD BOOK NUMBER
International Standard Book Number 9780030247576
082 04 - DEWEY DECIMAL CLASSIFICATION NUMBER
Classification number 338
090 ## - LOCALLY ASSIGNED LC-TYPE CALL NUMBER (OCLC); LOCAL CALL NUMBER (RLIN)
-- 2537
-- 2537
100 1# - MAIN ENTRY--PERSONAL NAME
Personal name Hodgetts, Richard M.
245 10 - TITLE STATEMENT
Title Effective small business management /
Statement of responsibility, etc. Richard M. Hodgetts.
250 ## - EDITION STATEMENT
Edition statement 6th ed.
260 ## - PUBLICATION, DISTRIBUTION, ETC.
Place of publication, distribution, etc. [S.l.] :
Name of publisher, distributor, etc. Harcourt Brace College Publishers,
Date of publication, distribution, etc. 1997.
300 ## - PHYSICAL DESCRIPTION
Extent 643 p. ;
Dimensions 26 cm.
490 1# - SERIES STATEMENT
Series statement The dryden press series in entrepreneurship.
500 ## - GENERAL NOTE
General note Hardcover.
520 ## - SUMMARY, ETC.
Summary, etc. OVERVIEW This text introduces the world of small business and details its diverse management aspects. It also presents the most current concerns of small business today, including the expanding world of electronic commerce.
700 1# - ADDED ENTRY--PERSONAL NAME
Personal name Kuratko, Donald F.
830 #4 - SERIES ADDED ENTRY--UNIFORM TITLE
Uniform title The dryden press series in entrepreneurship.
856 40 - ELECTRONIC LOCATION AND ACCESS
Materials specified Amazon.com
Uniform Resource Identifier <a href="http://www.amazon.com/exec/obidos/ASIN/0030247578/chopaconline-20">http://www.amazon.com/exec/obidos/ASIN/0030247578/chopaconline-20</a>
856 40 - ELECTRONIC LOCATION AND ACCESS
Materials specified Amazon customer reviews
Uniform Resource Identifier <a href="http://www.chopac.org/cgi-bin/tools/azrev.pl?q=0030247578">http://www.chopac.org/cgi-bin/tools/azrev.pl?q=0030247578</a>
942 ## - ADDED ENTRY ELEMENTS (KOHA)
Institution code [OBSOLETE] NBS
Koha item type Book
Call number prefix 658.15 HOD
Holdings
Withdrawn status Lost status Damaged status Not for loan Permanent Location Current Location Date acquired Total Checkouts Full call number Barcode Date last seen Price effective from Koha item type
        Central Library (CL) Central Library (CL) 08/28/2013   658.15 HOD NBS279 08/28/2013 08/28/2013 Book
© 2023 Central Library, National University of Sciences and Technology. All Rights Reserved.